[Event "Dubai op 6th"]
[Site "Dubai"]
[Date "2004.04.24"]
[Round "6"]
[White "Iordachescu, Viorel"]
[Black "Nadera, Barlo A"]
[Result "1-0"]
[WhiteElo "2627"]
[BlackElo "2390"]
[Annotator "Psakhis,L"]
[PlyCount "77"]
[EventDate "2004.04.19"]
[EventType "swiss"]
[EventRounds "9"]
[EventCountry "UAE"]
[SourceTitle "CBM 101"]
[Source "ChessBase"]
[SourceDate "2004.07.27"]
[SourceVersion "1"]
[SourceVersionDate "2004.07.27"]
[SourceQuality "1"]

1. e4 e6 2. d3 d5 3. Qe2 {I think this move was more popular two-three years
ago.} Be7 4. Nf3 Nf6 5. g3 c5 6. Bg2 Nc6 7. O-O b6 8. e5 Nd7 9. c4 d4 10. h4 ({
I would prefer} 10. Nfd2 {[%cal Gf2f4]}) 10... Bb7 11. Bf4 (11. Re1 $5 h6 12.
h5 Qc7 13. Na3 (13. Nbd2 O-O-O 14. a3 g5 15. hxg6 fxg6 16. Ne4 g5 17. b4 cxb4
18. Nd6+ Bxd6 19. exd6 Qxd6 20. axb4 e5 21. Ba3 g4 22. b5 gxf3 23. Bxd6 fxe2
24. bxc6 Bxc6 25. Bxc6 Nc5 26. Bxc5 {1-0 Glek,J-De Haan,E/NED t-ch 2000 (26)})
13... a6 14. Nc2 O-O-O (14... b5 15. cxb5 axb5 16. b4 Nxb4 17. Nxb4 cxb4 18.
Bb2 O-O 19. Bxd4 Rfc8 20. Nd2 Bxg2 21. Kxg2 Qc2 22. Nb3 Qc6+ 23. Qf3 Qa6 24.
Rec1 Bg5 25. Rxc8+ Rxc8 {1/2-1/2 Filipovic,B-Kosic,E/CRO-ch Rabac 2003 (74)})
15. b4 Nxb4 16. Nxb4 cxb4 17. a3 b3 18. Bb2 Nc5 19. a4 a5 20. Ba3 Na6 21. Nd2
Bxg2 22. Kxg2 g6 23. Nxb3 $14 {1/2-1/2 Tsifanskaya,L-Meijers,V/Condom op 2003/
(49)}) 11... h6 12. h5 Qc7 13. Nbd2 O-O-O 14. Rfe1 (14. Ne4 Ncxe5 15. Nxe5 Nxe5
16. Nxc5 Bxg2 17. Kxg2 Qc6+ 18. Ne4 Nd7 19. Qf3 e5 20. Bd2 Rdf8 21. g4 g6 22.
Ng3 Qxf3+ 23. Kxf3 f5 $132 {Pikula,D-Jeremic,V/YUG-ch Banja Koviljaca 2002//1/
2-1/2 (65)}) 14... Rdg8 $146 {[%cal Gg7g5]} (14... Rde8 {[%cal Gf7f5]} 15. Bh3
Kb8 16. a3 Bf8 17. Ne4 Qd8 18. g4 Ka8 19. Bg2 f6 20. Ng3 Be7 21. exf6 Bxf6 22.
Ne4 $16 {1-0 Jones,G-Pulito,A/ITA-ch B16 Cortina d'Ampezzo 2002/EXT 2003 (30)})
(14... g5 15. hxg6 fxg6 16. g4 g5 17. Bg3 Rde8 18. Ne4 Rhf8 19. a3 Rf7 20. b4
Nf8 21. Nd6+ Bxd6 22. exd6 $16 {Maeurer,C-Carstens,A/Oberliga Wurttemberg 2001/
C1-0 (43)}) 15. a3 g5 {The game scenario is clear now: White is attacking on
the left, Black is doing the same on the right. Who has an edge?} 16. hxg6 Rxg6
({Natural contination, but worse considering and} 16... fxg6 $5 {for example:}
17. Ne4 (17. g4 g5 18. Bg3 h5 19. gxh5 g4 20. Nh2 Rxh5 21. Nxg4 Rhg5 $36) 17...
g5 (17... Ncxe5 $2 18. Nxe5 Nxe5 19. Nxc5 Bxg2 20. Bxe5 Qxc5 (20... Qc6 21.
Nxe6 $1 Bh1 22. Qf1) 21. Bxh8 Bh3 22. Qe4 $18) 18. Nd6+ Kb8 19. Bd2 Ba8 $5 (
19... Bxd6 20. exd6 Qxd6 21. Qxe6 $36) 20. b4 g4 21. Nh2 h5 $132) 17. Ne4 Rhg8
18. b4 $1 h5 (18... Ncxe5 19. Nxe5 Nxe5 20. Nxc5 Bxg2 21. Bxe5 Qc6 22. Ne4 $14)
19. b5 (19. Nd6+ Bxd6 20. exd6 Qd8 $13) 19... Na5 ({Difficult to recomend to
black} 19... Ncxe5 20. Nxe5 Nxe5 21. Qxh5 f6 22. Nxf6 $1 Bxf6 23. Bxe5 Bxe5 24.
Qxe5 Qh7 25. Bxb7+ Kxb7 26. Qe4+ Kb8 27. Kg2 $16) 20. Nd6+ Bxd6 21. exd6 Qd8
22. Ne5 $5 (22. Kh2 Rg4 $5) 22... Nxe5 (22... h4 23. Nc6 $1) 23. Qxe5 h4 (23...
Bxg2 $5 24. Kxg2 h4 $132) 24. Re4 $5 {[%mdl 2048] White's position looks
cheerless and he sacrifices a exchange to try to improve the situation.} Kd7
25. Rae1 Qf6 (25... Qa8 {[%cal Rf7f5]} 26. Qh5 $1 h3 $5 27. Bxh3 Bxe4 28. Rxe4
Qe8 (28... Nxc4 29. Bg2 $1) 29. Qf3 $36) 26. Qh5 (26. Qxf6 Rxf6 27. Be5 Bxe4
28. Rxe4 Rf5 29. gxh4 Nb7 $17 {[%csl Rd6]}) 26... Rh8 $6 ({A natural
development of the initiative can be achieved by} 26... Bxe4 $142 27. Rxe4 (27.
Bxe4 $2 Qxf4) 27... hxg3 28. fxg3 Rxg3 $1 29. Bxg3 Rxg3 $17) 27. Qe2 Rhg8 (
27... Bxe4 $5 28. Qxe4 Qg7) 28. Be5 Qd8 29. Rf4 f5 $5 30. Bxb7 Nxb7 31. Kf1 (
31. Qf3 $143 $2 Rxg3+ $1 32. fxg3 Rxg3+ 33. Qxg3 hxg3 $17) 31... hxg3 32. Qf3
$8 g2+ 33. Kg1 Na5 $4 {It looks like Black was too happy with his position and
overlooked White's simple combination.} (33... Nxd6 $8 34. Bxd6 (34. Qc6+ Ke7
35. Rh4 Nf7 36. Rh7 Qc8 $1) 34... Kxd6 35. Rxf5 R8g7 $8 36. Qf4+ Ke7 $132) 34.
Rxf5 $1 $18 {Removing the only defender standing between White's army and
Black's king. After this natural and easy move there is no doubt of White's
overwhelming advantage.} exf5 35. Qxf5+ Re6 (35... Ke8 36. Bg7+) 36. Qf7+ Qe7 (
36... Re7 37. dxe7 Qxe7 38. Qd5+) 37. dxe7 Re8 38. Qf5 R8xe7 39. Bg3 1-0

[Event "Olympiad-34"]
[Site "Istanbul"]
[Date "2000.11.02"]
[Round "6.3"]
[White "Psakhis, Lev"]
[Black "Comas Fabrego, Luis"]
[Result "1/2-1/2"]
[WhiteElo "2611"]
[BlackElo "2516"]
[Annotator "Psakhis,L"]
[PlyCount "52"]
[EventDate "2000.10.28"]
[EventType "team-swiss"]
[EventRounds "14"]
[EventCountry "TUR"]
[SourceTitle "EXT 2001"]
[Source "ChessBase"]
[SourceDate "2000.11.22"]
[SourceVersion "1"]
[SourceVersionDate "2000.11.22"]
[SourceQuality "1"]
[WhiteTeam "Israel"]
[BlackTeam "Spain"]
[WhiteTeamCountry "ISR"]
[BlackTeamCountry "ESP"]

1. e4 c5 2. Nf3 e6 3. d3 Nc6 4. g3 d5 5. Qe2 Nge7 6. Bg2 g6 7. O-O Bg7 8. e5 (
8. c3 O-O 9. e5 f6 (9... b5 10. Be3 Nxe5 11. Nxe5 Bxe5 12. Bxc5 Bd6 13. Bxd6
Qxd6 14. Nd2 Nc6 (14... Rb8 15. b4 e5 16. a4 a6 17. axb5 axb5 18. Ra3 Bb7 19.
Rfa1 Rfc8 20. Qe1 Nc6 21. Nb3 d4 22. Nc5 $36 {1-0 Timman,J-Sanz Alonso,F/
Orense 1976/Inf 21 (29)}) 15. b4 a5 16. a3 Bd7 17. Rfe1 Ra7 18. Nb3 Rfa8 19. h4
Be8 20. Bh3 Qd8 21. Qe3 Qf6 22. Rec1 $14 {1-0 Poluljahov,A-Barria,D/Buenos
Aires Najdorf 1998 (29)}) (9... b6 10. Bf4 a5 11. a4 Nf5 12. Re1 f6 13. Na3 g5
14. exf6 Bxf6 15. Be5 g4 16. Bxf6 Qxf6 17. Ne5 Nxe5 18. Qxe5 Qxe5 19. Rxe5 $14
{1-0 Psakhis,L-Ligterink,G/Hoogeveen op 1997 (45)}) 10. exf6 Bxf6 11. Bh6 Re8
12. h4 (12. g4 e5 13. h3 Qc7 14. c4 e4 15. dxe4 dxe4 16. Ng5 Nd4 17. Qxe4 Bd7
18. Nc3 Bc6 19. Qd3 $16 {1-0 Fischer,R-Rodriguez,R/Meralco 1967 (28)}) 12...
Nf5 13. Bg5 b6 14. Re1 h6 15. Bxf6 Qxf6 16. Nbd2 Ba6 17. Nf1 Rad8 18. N1h2 e5
19. Qc2 Kg7 20. Rad1 h5 21. Ng5 Bb7 22. Nf1 $14 {1-0 Poluljahov,A-Socko,B/
Koszalin op 1997 (62)}) 8... h6 9. h4 O-O 10. c3 f6 (10... f5 11. d4 b6 12. Bf4
Kh7 13. Qe3 Ba6 14. Rc1 Rc8 15. Nbd2 Na5 16. h5 gxh5 17. Nh4 Bb5 18. Bf3 Nc4 {
Fedorov,A-Filippov,V/Omsk op 1996/0-1 (57)}) (10... b5 11. Bf4 a5 12. Nbd2 a4
13. Rac1 Bb7 14. Rfe1 Qb6 15. Nh2 a3 16. b3 b4 17. c4 Nd4 18. Qd1 Kh7 19. Nhf3
Nxf3+ 20. Nxf3 Rad8 21. Qe2 dxc4 22. dxc4 Nf5 23. Rcd1 Qc6 24. Ng5+ hxg5 25.
Bxc6 Bxc6 26. Bxg5 Nd4 27. Rxd4 Rxd4 28. Be7 Rb8 29. Bxc5 Re4 30. Qxe4 Bxe4 31.
Rxe4 Bf8 32. Bd6 {1-0 Gallagher,J-Mestel,J/BCF t-ch 1999 (32)}) (10... b6 11.
Re1 a6 12. Nbd2 Ra7 13. Nf1 Kh7 14. N1h2 Ng8 15. Ng4 Bd7 16. Bf4 Nce7 17. Qd2
Nf5 18. d4 cxd4 19. Nxd4 Nxd4 20. Qxd4 Qc7 21. Nf6+ Bxf6 22. exf6 Qc5 23. Be5
Qxd4 24. cxd4 h5 25. Rac1 Rfa8 26. f3 Nh6 27. Kf2 a5 28. Bf1 a4 29. Rc2 Rb7 30.
Rec1 Raa7 31. Bd3 Kg8 32. Ke3 b5 33. Kf4 Ra8 34. g4 Kh8 35. Kg5 Ng8 36. gxh5
gxh5 37. Kxh5 b4 38. Rg2 Bb5 39. Bb1 {1-0 Glek,I-De Santis,A/Porto San Giorgio
op 2000/The Week in Chess 303 (39)}) 11. exf6 Rxf6 12. Na3 $146 (12. Bf4 Qf8
13. Bd6 b6 14. Nbd2 Bb7 15. Be5 Nxe5 16. Nxe5 Rd8 17. Ng4 Rf7 18. Qxe6 Bc8 19.
Qe2 Nf5 20. Rae1 d4 21. c4 h5 {Glek,I-Siebrecht,S/Essen rapid 2000/ /1-0 (54)})
12... Kh7 13. Be3 b6 14. d4 Nf5 15. Nc2 a5 (15... Nxe3 $2 16. Nxe3 {[%cal
Ge3g4]}) 16. Rfe1 Ba6 17. Qd2 Nd6 18. Bf4 Ra7 $6 (18... Ne4 19. Qe3) 19. Ne5
Nxe5 20. Bxe5 Nc4 (20... Rf8 21. Bxg7 Kxg7 22. Rxe6 Nc4 23. Qd3 $1 $16) 21.
Bxf6 Qxf6 22. Qe2 cxd4 (22... Rf7 23. Rf1 Ra7 24. Rfe1 Rf7 25. Rf1 Ra7) 23.
cxd4 $2 (23. Nxd4 $1 e5 24. Bxd5 Nd6 25. Qxe5 $1 Qxe5 26. Rxe5 Bxe5 27. Nc6 Bb7
28. Nxa7 Bxd5 29. f4 $18) 23... Rf7 24. Rf1 (24. Rac1 $1 Nd6 (24... Na3 25.
Qxa6 Qxf2+ 26. Kh2 (26. Kh1 Nxc2 27. Rf1 Qd2 28. Rxf7 Qxc1+ 29. Kh2 Qd2 $13)
26... Rf3 27. Qe2 Qxg3+ 28. Kg1 Nxc2 (28... Rf4 29. bxa3 Rxh4 30. Qe3 Qh2+ 31.
Kf1 Rf4+ 32. Bf3 g5 33. Re2 Qh3+ 34. Kf2 Rf5 35. Qd3 g4 36. Re3) 29. Qxf3 Qxh4
30. Rxe6 Nxd4 31. Qh3 $18) (24... Bb5 25. f4) (24... Nxb2 $5 25. Qxa6 Qxf2+ 26.
Kh2 Rf3 27. Rf1 Qxg3+ 28. Kg1 Rxf1+ 29. Rxf1 (29. Qxf1 Nd3 30. Rd1 Nf4) 29...
Nc4) 25. Qxa6 Qxf2+ 26. Kh2 (26. Kh1 Nf5) 26... Rf3 27. Rf1 Qxg3+ 28. Kg1 Rd3
29. Rcd1 Rxd1 30. Rxd1 Nf5 31. Qd3 Qxh4 $16) (24. f4 $6 Na3 25. Qd1 Nxc2 26.
Qxc2 Qxd4+ 27. Kh1 (27. Kh2 Rxf4 $1) 27... Bd3 28. Qd2 Bf5 29. Qxd4 Bxd4 30.
Re2 g5 $44) 24... Ra7 25. Rfe1 Rf7 26. Rf1 Ra7 1/2-1/2

[Event "RUS-chT 11th"]
[Site "Sochi"]
[Date "2004.04.20"]
[Round "1.5"]
[White "Bachin, Vitaly"]
[Black "Meister, Jakob"]
[Result "1-0"]
[WhiteElo "2489"]
[BlackElo "2505"]
[Annotator "Psakhis,L"]
[PlyCount "85"]
[EventDate "2004.04.20"]
[EventType "team-tourn"]
[EventRounds "9"]
[EventCountry "RUS"]
[SourceTitle "EXT 2020"]
[Source "ChessBase"]
[SourceDate "2019.10.17"]
[SourceVersion "1"]
[SourceVersionDate "2019.10.17"]
[SourceQuality "1"]
[WhiteTeam "Vladivostok Debiut-DVGU"]
[BlackTeam "Togliatti Lada"]
[WhiteTeamCountry "RUS"]
[BlackTeamCountry "RUS"]

1. e4 e6 2. Nc3 d5 3. Nf3 {Deviating from the theory at very early stage.} d4
4. Ne2 c5 5. d3 Nc6 6. g3 e5 (6... Bd6 7. Bg2 Nge7 8. O-O O-O 9. h4 e5 10. Nd2
Be6 11. f4 f5 $5 12. exf5 Nxf5 13. Ne4 Ne3 14. Bxe3 dxe3 15. fxe5 Bxe5 16. Ng5
Qd6 $36 {[%csl Ge3] 0-1 Guseinov,K-Filippov,V/Moscow Aeroflot op 2002/ (23)})
7. Bg2 Be7 (7... f6 8. O-O Be6 9. c4 Qd7 10. a3 Bd6 11. Ne1 Nge7 12. f4 a6 13.
Nf3 b5 14. b3 Rb8 15. Ra2 O-O 16. f5 Bf7 17. g4 Na5 $132 {1/2-1/2 Gufeld,
E-Matulovic,M/URS-JUG Kiev 1959 (71)}) 8. O-O h5 $5 (8... g5 $5 9. Nd2 Be6 10.
f4 f6 11. Nf3 h6 12. c4 Bd6 13. a3 a6 14. h4 g4 15. Ne1 b5 16. b3 Rb8 17. Bd2
bxc4 18. dxc4 Qb6 19. Nc1 h5 20. Ned3 a5 $11 {Bachin,V-Kortchnoi,V/RUS t-ch
Togliatti 2003/1/2-1/2 (45)}) 9. c3 h4 10. cxd4 cxd4 {[%cal Gg7g5]} 11. gxh4
$146 (11. Bd2 hxg3 12. fxg3 Bg4 13. Be1 Qd7 14. Qd2 Nh6 $36 15. Ng5 $2 Bxe2 16.
Qxe2 Bxg5 $19 {0-1 Hinds,R-Veszely,F/CAN-op Edmonton 2000/ (25)}) 11... Bxh4 (
11... Bg4 $5) 12. b4 a6 13. Bd2 Be7 (13... Bg4 $5) 14. a4 Bd6 ({Worse
considering} 14... Qd6 $5 15. b5 Nd8 $132 {[%cal Gd6g6]}) 15. Ng3 (15. b5 Nce7)
15... Nce7 {[%cal Ge7g6,Gg6h4]} 16. Re1 Bg4 (16... Ng6 17. Nf5 $1) 17. Qb3 {
[%cal Gf3g5]} Be6 18. Qb2 f6 $36 {Black's chances are preferable, thanks to a
better pawn structure and active pieces.} 19. b5 ({Perhaps White should have
considered} 19. a5 $5 {[%cal Gb4b5]}) 19... a5 20. Rac1 g5 $1 {[%cal Rg5g4]}
21. Re2 Nh6 ({Worse considering simple move} 21... Qd7 $5) 22. Nh5 Kf7 23. Bxg5
$5 Ng4 $1 (23... fxg5 24. Nxg5+ Kg6 25. Nxe6 Qg8 26. Nhg7 Rh7 27. f4 $1) 24.
Nxf6 Nxf6 25. Nxd4 $5 {This piece sacrifice is the only way to complicate the
situation.} Bg4 $6 {I dare say this is the major cause of Black's defeat.
Black should have preferred} (25... exd4 $142 $5 26. e5 Nh7 27. exd6 Nxg5 (
27... Qxd6 28. Bh4) 28. dxe7 Qxe7 $17) 26. f3 Bd7 (26... exd4 27. e5 Bxe5 28.
Rxe5) 27. Nb3 Ng6 28. f4 $5 {After this move there is no doubt of White's
overwhelming advantage.} Qb6+ (28... Rh5 29. d4 $1) 29. d4 Nh7 {This attempt
meets the tactical refutation.} (29... Rh5 $5) 30. fxe5 $1 Nxg5 31. exd6 Qxd6 (
31... Rag8 32. Qd2 Nh4 33. Qf4+ $18) 32. e5 {It seems that Black's position
can no longer be saved - there are too many White' pieces pointed at the black
king} Qb4 33. Rf1+ (33. d5 $5) (33. Nc5 $5 Nh3+ 34. Kh1 Nhf4 35. Bxb7 $1 Nxe2
36. Qxe2 Rxh2+ $8 37. Kxh2 Rh8+ 38. Kg1 Qxd4+ 39. Qf2+ Qxf2+ 40. Kxf2 $18)
33... Ke7 34. e6 $1 Be8 (34... Nxe6 35. d5 Qh4 36. h3 Ngf4 37. Rxf4 Qxf4 38.
Qg7+ $18) 35. Qc1 $18 Nxe6 36. Qc7+ Bd7 37. Rxe6+ $1 Kxe6 38. Bd5+ $5 (38. Nc5+
$1 $18) 38... Kxd5 $8 39. Qxd7+ Kc4 (39... Qd6 40. Rf5+ Ke4 41. Nd2+) 40. Qe6+
Kc3 41. Rf3+ Kb2 42. Qe2+ Ka3 43. Nc5+ 1-0

[Event "ROM-ch"]
[Site "Targoviste"]
[Date "2001.11.28"]
[Round "5"]
[White "Vasiesiu, Dan"]
[Black "Manolache, Marius"]
[Result "0-1"]
[WhiteElo "2440"]
[BlackElo "2394"]
[Annotator "Psakhis,L"]
[PlyCount "50"]
[EventDate "2001.11.23"]
[EventType "tourn"]
[EventRounds "15"]
[EventCountry "ROU"]
[EventCategory "9"]
[SourceTitle "CBM 087"]
[Source "ChessBase"]
[SourceDate "2002.03.21"]
[SourceVersion "1"]
[SourceVersionDate "2002.03.21"]
[SourceQuality "1"]

1. e4 c5 2. Nf3 e6 3. d3 d5 4. Qe2 Be7 5. g3 Nf6 6. Bg2 Nc6 7. O-O b6 8. e5 Nd7
9. c4 d4 10. Nfd2 $1 {[%cal Gf2f4] Simple and strong move, White wants to
protect key pawn e5 with f4} (10. h4 $5) ({Black got very good game after} 10.
Re1 Bb7 11. Nbd2 g5 $1 12. h3 h5 13. g4 hxg4 14. hxg4 Qc7 15. Nf1 O-O-O 16. Ng3
Rdg8 17. a3 a5 18. Bd2 Kb8 19. b3 Rh4 $1 $132 {0-1 Psakhis,L-Illescas Cordoba,
M/Madrid active 1988 (31)}) 10... Qc7 11. f4 Bb7 12. Ne4 O-O-O (12... a6 13.
Nbd2 O-O-O 14. a3 h6 15. b4 Kb8 16. Nb3 Ka7 17. Bd2 Ra8 18. Rfb1 f5 19. exf6
gxf6 20. b5 Nd8 21. a4 f5 22. a5 fxe4 23. axb6+ Nxb6 24. Bxe4 $16 {1-0 Fedorov,
A-Dydyshko,V/Aars 1999/CBM 74/[Psakhis,L] (33)}) (12... g6 13. Nbd2 a6 14. Nf3
b5 15. b3 Rb8 16. Bd2 bxc4 17. dxc4 Ba8 18. Ne1 a5 19. Nd3 Nb4 20. Bxb4 axb4
21. a4 bxa3 22. Rxa3 O-O 23. Rfa1 Bxe4 24. Bxe4 Rfc8 25. Ra7 Qd8 26. R1a3 Rc7
27. Qa2 {Spraggett,K-Mikanovic,G/Montreal Canadian Closed 2001/The Week in
Chess 355/1-0 (85)}) 13. a3 ({I suppose that} 13. Na3 $1 {[%cal Ra3b5,Ga3c2]
even stronger} {after more or less obligatory} a6 {White got strong attack on
the queen's side.} 14. Nc2 Kb8 15. Bd2 f5 16. exf6 gxf6 17. f5 $1 e5 18. a3
Rde8 19. b4 Nd8 20. Rfb1 $16 {1-0 Psakhis,L-Maric,M/La Coruna op 1996 (36)})
13... h5 14. h4 $6 $146 {[%csl Rg3,Rh4] Vasiesiu wants to stop h5-h4, but this
is typical example when treatmeant is worse than illness.} ({After natural} 14.
b4 $5 h4 15. b5 Na5 16. Nbd2 hxg3 17. hxg3 {[%csl Ra5] white's advantage is
quite obvious, for example} Rh7 18. Rb1 g5 19. Nf3 gxf4 20. Bxf4 Rdh8 21. Kf2
Qd8 22. Rh1 Qg8 23. Rxh7 Rxh7 24. Kg1 Qg6 25. Re1 Kb8 26. Nf2 Rh8 27. Nh2 Bg5
28. Bxg5 Qxg5 {Cabrilo,G-Todorovic,G/Kladovo ch-YU 1990/1-0 (41)}) 14... Rdg8
15. b4 f6 $1 16. bxc5 (16. exf6 $5 {Worth considering} gxf6 17. f5 $1) 16...
Bxc5 (16... bxc5 $5) 17. exf6 gxf6 18. Nbd2 $2 (18. f5 $8 {was maybe one of
the last chance for white for successful defence}) 18... Ne7 $1 {[%csl Rg3]
[%cal Ge7f5]} 19. Kh2 Nf5 20. Bh3 Kb8 $6 (20... Ne3 $142 21. Bxe6 Re8 $17) 21.
Rb1 Ne3 $1 22. Bxe6 Re8 23. f5 $2 {Bad move! Good or bad, but White had to play
} (23. Bxd7 $142 Qxd7 24. Nxf6 Qe7 25. Nde4 $1 $132) 23... Ne5 {[%csl Ge5,Rh2]}
24. Nxf6 $2 {Lose immediately, after best} (24. Rf4 $8 N5g4+ 25. Kg1 Bd6 26.
Nxd6 Qxd6 $36 {white still could continue resistance}) 24... N5g4+ 25. Nxg4
hxg4 {[%cal Rh8h4]} (25... hxg4 26. Rf4 Rxh4+ $1 27. Kg1 Rh1+ 28. Kf2 Reh8 $19)
0-1

[Event "Chebanenco Memorial 1st"]
[Site "Kishinev"]
[Date "1998.02.12"]
[Round "4"]
[White "Morozevich, Alexander"]
[Black "Bologan, Viktor"]
[Result "1-0"]
[WhiteElo "2590"]
[BlackElo "2580"]
[Annotator "Psakhis,L"]
[PlyCount "83"]
[EventDate "1998.02.09"]
[EventType "tourn"]
[EventRounds "9"]
[EventCountry "MDA"]
[EventCategory "12"]
[SourceTitle "CBM 064"]
[Source "ChessBase"]
[SourceDate "1998.06.02"]
[SourceVersion "1"]
[SourceVersionDate "1998.06.02"]
[SourceQuality "1"]

1. e4 c5 2. g3 {Morozevich never was famous because of his theoretical
knowledges.} d5 3. d3 Nc6 4. Nd2 e6 5. Bg2 g6 6. Nh3 {[%cal Ge1g1,Gf2f4,Ge4e5]
Rare continuation, was played many times and with big success by Nigel Davies.
I think this move is not better and not worse than the normal 6.Ngf3.} (6. Ne2
Bg7 7. O-O Nge7 8. Re1 O-O 9. Nf4 d4 10. g4 e5 11. Nh3 Be6 12. f4 exf4 13. Nxf4
Ne5 14. h3 N7c6 $15 {0-1 Kasparian,G-Petrosian,T/ARM-ch Erevan m 1946 (30)}) (
6. Ngf3 $5) 6... Bg7 7. O-O Nge7 8. f4 O-O (8... b6 9. e5 Bb7 10. c3 b5 11. Nb3
Qb6 12. Be3 d4 13. Bf2 Nf5 14. Ng5 $36 {1-0 Davies,N-Conquest,S/Budapest 1987 
(21)}) 9. e5 f6 {New move} (9... Bd7 10. Kh1 Qc7 11. Nf2 Nf5 12. Nf3 Ncd4 13.
Ne1 f6 14. exf6 Bxf6 15. c3 Nc6 16. Nf3 Bg7 17. Qe2 $14 {1-0 Davies,N-Hoelzl,F/
Budapest 1987 (24)}) (9... b5 10. Nf3 b4 (10... Nd4 11. Nxd4 cxd4 12. Ng5 Bd7
13. Nf3 Qb6 14. Qe2 Rac8 15. b3 Nc6 16. a3 $14 {1/2-1/2 Davies,N-Horvath,J/
Budapest 1987 (51)}) 11. a3 a5 12. axb4 cxb4 13. Be3 Ba6 14. Re1 Qc7 15. Qd2
Rfc8 16. g4 Na7 17. Rec1 Nb5 18. d4 Qb6 19. Nf2 $14 {1-0 Bricard,E-Relange,E/
Montpellier GM 1996 (23)}) 10. exf6 Bxf6 11. Nf3 {[%csl Ye5][%cal Gh3f2,Gf2g4]}
Re8 $6 (11... e5 12. fxe5 Nxe5 13. Nxe5 Bxe5 14. Rxf8+ Qxf8 15. Nf4 Qf7 16. Qf3
$14) (11... Qd6 $5 {[%cal Yc8d7,Ya8e8]}) 12. Qe2 b5 13. Nf2 {[%cal Gf2g4,Gg4e5]
} Bg7 14. Ng4 Nf5 15. Nge5 $14 Qd6 (15... Nxe5 16. Nxe5 (16. fxe5 $5 {[%cal
Gc1g5]}) 16... Nd4 17. Qd1 $14) 16. c3 b4 17. Re1 (17. Bd2 $5 {[%cal Ya1e1]})
17... a5 18. Qc2 Bd7 19. Bd2 (19. g4 $5) 19... Rec8 20. Re2 Nxe5 21. Nxe5 {
[%csl Ge5]} Bb5 22. Rae1 Qa6 23. Bf1 $1 (23. c4 Bc6 $5 (23... Be8 24. Nf3 Bf7
25. g4 Nd4 26. Nxd4 Bxd4+ 27. Be3 $36)) 23... Qb6 (23... Bxe5 24. Rxe5) (23...
a4 $5 24. g4 Nh4 25. Rf2 {[%cal Gc3c4]}) 24. g4 Nh6 {Very unpleasant position
for knight} (24... Nh4 25. Rf2 (25. Kf2 $5 {[%cal Rf2g3]})) 25. c4 $1 Be8 26.
Bg2 {[%cal Rg2a8]} Rab8 27. Be3 $6 {Maybe it was mistake in scoreshit,why not
natural} (27. cxd5 $16) 27... d4 $2 (27... Bxe5 $5 28. fxe5 Nxg4 29. cxd5 Bf7
$1 $13) 28. Bf2 b3 ({Now it's to late to take knight} 28... Bxe5 29. Rxe5 Nxg4
30. Rxe6 Qc7 31. Re7 Ne3 (31... Qd6 32. R1e6 Qxf4 33. Bg3 Qf8 34. Qe2 $18 {
[%cal Rg2d5,Re2g4,Rg3b8]}) 32. R1xe3 (32. Rxc7 Nxc2 33. Bd5+ Kf8 34. Ree7 $16)
32... dxe3 33. Bd5+ Kh8 (33... Kf8 34. Rxc7 exf2+ 35. Qxf2 Rxc7 36. f5 $18) 34.
Rxc7 exf2+ 35. Qxf2 Rxc7 36. Qe3 Rbc8 37. Be6 Ra8 38. Qe5+ Rg7 39. Qxc5 $18 {
gives winning position to white.}) 29. axb3 Qxb3 30. Qd2 Qa2 (30... Bxe5 31.
fxe5 {[%cal Rd2h6]} Nxg4 32. Bh3 (32. Qf4 h5 33. h3 Nxf2 34. Rxf2 Rc7) 32...
Nxf2 (32... h5) 33. Bxe6+ Bf7 34. Bxf7+ Kxf7 35. Rxf2+ Kg8 36. e6 $16 {[%cal
Re6e8,Rd2f4]}) 31. Bh3 $5 {[%cal Gf4f5,Re2e8]} Nf7 (31... Rb3 $5 32. f5 gxf5
33. gxf5 Nxf5 34. Bxf5 exf5 35. Qg5 Rxb2 36. Rxb2 Qxb2 37. Nc6 $1 Ra8 (37...
Kh8 38. Ne7 Ra8) 38. Ne7+ Kh8 39. Nxf5 (39. Bg3 Bd7 40. Be5 Bxe5 41. Rxe5 Qb6)
39... Bg6 40. Nxg7 Rf8 (40... Kxg7 41. Re7+ Kg8 42. Qd5+ Kf8 43. Qd6 $18) 41.
Bg3 Kxg7 42. Qxc5 $40) 32. Nxf7 Bxf7 33. f5 $1 exf5 (33... e5 34. f6 (34. Bg3
$5) 34... e4 (34... Bxf6 35. g5 Bg7 36. Bxc8 Rxc8 37. Bg3 Rb8 38. Rf2 $18) 35.
fxg7 exd3 36. Re7 Rxb2 37. Qf4 Qxc4 38. g5 $1 $18 {[%cal Rh3c8,Re7f7]}) 34.
gxf5 Re8 35. Qf4 Qb3 36. Re7 Rxe7 {Mistake, maybe in time trouble. I didn't
find, how White could get something real after the coldblooded} (36... Qxd3 $1
{for instance} 37. Rxf7 (37. f6 Qxh3 (37... Bf8 38. Be6 (38. Rxf7 Kxf7 (38...
Rxe1+ 39. Bxe1 Qxh3 40. Ra7) 39. Qc7+ Kxf6 40. Bh4+ g5 41. Rf1+ Qxf1+ 42. Kxf1
gxh4 43. Qxh7 $13)) 38. fxg7 Qf5 $17) 37... Qxh3 (37... Kxf7 38. fxg6+ Kxg6 39.
Re6+ (39. Be6 Bf6 40. Bh4 (40. Kh1 Rxe6 $1 41. Rg1+ Kf7 42. Qxb8 Qf3+ 43. Rg2
Bg5 $17) 40... Bxh4 41. Bf7+ Kg7 42. Bxe8 Rxe8 (42... Bxe1 $2 43. Qf7+ Kh6 44.
Qf6+ Qg6+ 45. Bxg6 Rg8 46. Kf1 $1 $18) 43. Qc7+ Be7 44. Rxe7+ Rxe7 45. Qxe7+
Kg6 $13) 39... Rxe6 40. Qg4+ Kh6 41. Qh4+ (41. Qxe6+ $2 Qg6+ $19) 41... Kg6 42.
Qg4+ $11) 38. Rxe8+ Rxe8 39. fxg6 hxg6 $17) {but even now Black has good
chances for defence.} 37. Rxe7 gxf5 (37... Rf8 38. f6 Bh8 39. Qe5 $1 Qb8 40.
Bg3 Qxe5 41. Bxe5 $16 Re8 $140 42. Be6 $1 Rxe7 43. fxe7 $18 {[%cal Re7e8]}) 38.
Bxf5 Rf8 39. Qg4 $6 (39. Bxh7+ Kxh7 40. Rxf7 Rxf7 41. Qxf7 Qxd3 (41... Qd1+ 42.
Kg2 Qg4+ 43. Bg3 Qe2+ 44. Kh3 Qxd3 45. Qh5+ Kg8 46. Qxc5 Qf1+ 47. Kg4 d3) 42.
Qh5+ Kg8 43. Qxc5 Qb1+ 44. Kg2 Qe4+ 45. Kh3 d3 $13) ({Deserves attention} 39.
Qe4 $5 {with initiative.}) 39... Bg6 $4 {Panic! After 39...Qxb2 it is not easy
to find something for White.} 40. Bxg6 hxg6 41. Qxg6 Qd1+ 42. Be1 1-0